Trpeli a umierali aj v Zliechove

Bibliographic Details
Main Author: Burík, Marián (Author)
Format: Article
Language:Slovak
PhysicalDescription:Fotogr.
Subjects:
Online Access:www.svedectvo.com

MARC

LEADER 00000nab a2200000 a 4500
001 vtls010336974
003 SK-MaSNL
005 20260304034510.0
008 120124c201109 xo r p 000 00slo
015 |a SNBRB2012/01SVKPO 
038 |a SVKPOCL 
040 |a SVKPOCL  |b slo  |c SVKPOCL  |e AACR2 
041 |a slo 
044 |a xo  |c SK 
080 |a 2-674.5  |2 2001 
080 |a 322  |2 2001 
080 |a 27-674.5  |2 2001 
080 |a 321.74  |2 2001 
100 1 |a Burík, Marián  |4 aut  |9 804281 
245 1 0 |a Trpeli a umierali aj v Zliechove  |c Marián Burík 
300 |a Fotogr. 
630 0 7 |a Katolícka akcia  |y 1945  |z Zliechov (Slovensko)  |2 svkpocl  |9 1317384 
648 7 |a 1949  |2 SNK  |9 305903 
650 0 7 |a náboženská perzekúcia  |2 snkbucl  |9 68303 
650 0 7 |a dejiny miest  |2 SNKPH  |9 164833 
651 7 |a Zliechov (Slovensko)  |2 snkbucl  |9 74394 
773 0 |t Svedectvo  |g Roč. 21, č. 9 (2011), s. 5 
852 |a SVKPO  |b KIS3GCP 
856 4 1 |u www.svedectvo.com 
958 |a SK 
958 |a NB 
999 |c 2653402  |d 2655332